000 00506nam a2200169Ia 4500
003 GCL
008 140319s9999 xx 000 0 ara d
040 _aGCL /
_cGCL
082 0 4 _a371.897
_bس ص
100 1 _aسمير محمود
245 1 0 _aالصحافة المدرسية: الاسس والمبادئ والتطبيقات /
_cسمير محمود
300 _a198 ص
490 _aكتاب
_v0
650 0 4 _aوسائل الاعلام
650 0 4 _aالصحافة المدرسية
942 _2ddc
_cBK
999 _c41196
_d41196